000 00693nam a22002537a 4500
003 CHAP
005 20220329133930.0
008 971013s1968 r 00010 d
010 _a12870
011 _a13842
035 _a17914
040 _cCHAP
082 _a631.542
_bB3
100 0 0 _aBaumgardt, John Philip.
_910873
245 _aHow to prune almost everything
260 _aNew York :
_bBarrows,
_c1968
300 _a192 p.
_b: ilus.
590 _aBATCH-UPD
_b10
_c20130110
_lUCH01
_h1123
590 _aCONVERSION
_b10
_c20130109
_lUCH01
_h1308
650 1 4 _aPoda.
_989467
901 _aBK
942 _cLIBRO
949 _a631.542 B3
_bBC
_cLIBRO
_d33724000161550
_eLIBRO
_h13168
_i17914
_si
999 _c12870
_d12870